000 00629nam a2200193 a 4500
001 000007980
005 20200929154358.0
008 090914s1993 dr a 001 0 spa d
040 _aDO-SdBNP
082 _a621.56
_bM843m
100 1 _aMoreno San Juan, José Luis
_92397
245 1 0 _aManual técnico de aire acondicionado y refrigeración /
_cJosé Luis Moreno San Juan.
260 _aSanto Domingo, :
_bUniversitaria,
_c1993.
300 _a418 p. :
_bil ;
_c28 cm.
490 1 _aCiencia y tecnología
_v29
650 4 _aAire acondicionado
_xRefrigeración
_921820
830 0 _aCiencia y tecnología
_n29
_921821
049 _aBNPD
999 _c7757
_d7757